Holiday Quiz

Random Holiday or Animation Quiz

Rankin Bass Specials by Celebrity Narrator Quiz Stats

 Plays Quiz not verified by Sporcle

Challenge
Share
Tweet
Embed
Score 0/12 Timer 08:00
0 Plays Today
Host Title % Correct
Burl Ives as Sam the SnowmanRudolph the Red-nosed Reindeer
93.5%
Jimmy DuranteFrosty the Snowman
82.8%
Fred Astaire as S. D. KlugerSanta Claus is Comin' to Town (and The Easter Bunny is Comin' to town)
76.3%
Red Skelton as Father TimeRudolph's Shiny New Year
61.3%
Shirley Booth as Mrs. ClausThe Year Without a Santa Claus
61.3%
Greer GarsonThe Little Drummer Boy (And The Little Drummer Boy Book Two)
55.9%
Buddy Hackett as Pardon-Me-PeteJack Frost
49.5%
Andy GriffithFrosty's Winter Wonderland
46.2%
Roger Miller as SpeiltoeNestor, the Long-Eared Christmas Donkey
45.2%
Danny Kaye as Seymour S. SassafrassHere Comes Peter Cottontail
40.9%
Angela LansburyThe First Christmas: The Story of the First Christmas Snow
39.8%
Tennessee Ernie Ford as WillumThe Mouse on the Mayflower
31.2%

You're not logged in!

Compare scores with friends on all Sporcle quizzes.
OR
Log In

You Might Also Like...

Show Comments

Extras

Top Quizzes Today


Score Distribution

Your Account Isn't Verified!

In order to create a playlist on Sporcle, you need to verify the email address you used during registration. Go to your Sporcle Settings to finish the process.

Report this User

Report this user for behavior that violates our Community Guidelines.

Details: